| 000 | 00598nam a2200133Ia 4500 | ||
|---|---|---|---|
| 008 | 220620s9999||||xx |||||||||||||| ||und|| | ||
| 022 | _a16648714 | ||
| 100 | _aCaroline Isaksson||Amanda D. Rodewald||Diego Gil | ||
| 245 | 0 | _aBehavioural and Ecological Consequences of Urban Life in Birds | |
| 546 | _aEnglish[eng] | ||
| 650 | _aUrbanization||Birds||Human-bird interactions||Biodiversity||Species interactions||Human-provided resources||Environmental stress | ||
| 856 | _uhttps://www.frontiersin.org/research-topics/4987/behavioural-and-ecological-consequences-of-urban-life-in-birds | ||
| 942 | _cEB | ||
| 999 |
_c28930 _d28930 |
||